LEADER 04192oam 2200865 c 450 001 9911067897503321 005 20260324110624.0 010 $a3-8474-3335-0 024 3 $a9783847433354 035 $a(CKB)5600000001145882 035 $a(Verlag Barbara Budrich)9783847433354 035 $a(DE-599)3237850-6 035 $a(EXLCZ)995600000001145882 100 $a20260302d2026 uy 0 101 0 $ager 135 $aurnnunnnannuu 181 $ctxt$2rdacontent 182 $cc$2rdamedia 183 $acr$2rdacarrier 200 00$aGlobale Trends: Perspektiven für Entwicklung und Frieden $eMultilaterale Kooperation für Mensch und Planet /$fCornelia Ulbert, Marcus Kaplan 205 $a1st ed. 210 $aLeverkusen$cVerlag Barbara Budrich$d2026 215 $a1 online resource (138 p.) 225 0 $aGlobale Trends: Perspektiven für Entwicklung und Frieden 311 08$a3-8474-3197-8 327 $aVORWORT ABBILDUNGS- UND TABELLENVERZEICHNIS ABKÜRZUNGSVERZEICHNIS EINLEITUNG: Gemeinsamkeiten trotz Unterschieden: Multilaterale Kooperation für Mensch und Planet (Cornelia Ulbert) GLOBAL GOVERNANCE FÜR NACHHALTIGE ENTWICKLUNG: Eine menschenzentrierte Transformation stärken: Regeln für die digitale Welt (Cornelia Ulbert) FRIEDEN UND SICHERHEIT: Vom liberalen Frieden zur Stabilisierung? Die Zukunft multilateraler Friedensoperationen (Christof Hartmann) WELTWIRTSCHAFT: Erst Aufholen, dann Zurückdrängen: Die Politik der Sorgfaltspflichten in globalen Wertschöpfungsketten (Christian Scheper und Markus Ciesielski) UMWELT UND NATÜRLICHE RESSOURCEN: Brücken schlagen: Wasserdiplomatie als Instrument der Konflikttransformation (Marcus Kaplan) AUTOR*INNEN 330 $aAngesichts sich wandelnder globaler Machtstrukturen und Ordnungsvorstellungen zeigt die Reihe auf, dass regelbasierte Zusammenarbeit weiterhin notwendig und möglich ist, um die vielfältigen globalen Herausforderungen anzugehen. Auf der Grundlage längerfristiger Trends erläutern die Beiträge, wohin sich eine gemeinsame globale Problembearbeitung in ausgesuchten Themenfeldern entwickeln kann. Confronted with changing global power structures and competing concepts of global order, the series shows that rules-based multilateral cooperation remains necessary and possible in order to tackle the many global challenges we face. Based on longer-term trends, the articles explain in which direction joint global problem-solving can develop in selected areas. 606 $amultilateral cooperation 606 $aMultilaterale Kooperation 606 $aglobal order 606 $aglobale Ordnung 606 $ageopolitics 606 $aGeopolitik 606 $aglobal public goods 606 $aglobale öffentliche Güter 606 $anachhaltige Entwicklung 606 $asustainable development 606 $adigitale Governance 606 $adigitale Souveränität 606 $aglobal supply chains 606 $aglobale Lieferketten 606 $apeace operations 606 $aFriedensmissionen 606 $awater diplomacy 606 $aWasserdiplomatie 606 $adigital governance 606 $adigital sovereignty 615 4$amultilateral cooperation 615 4$aMultilaterale Kooperation 615 4$aglobal order 615 4$aglobale Ordnung 615 4$ageopolitics 615 4$aGeopolitik 615 4$aglobal public goods 615 4$aglobale öffentliche Güter 615 4$anachhaltige Entwicklung 615 4$asustainable development 615 4$adigitale Governance 615 4$adigitale Souveränität 615 4$aglobal supply chains 615 4$aglobale Lieferketten 615 4$apeace operations 615 4$aFriedensmissionen 615 4$awater diplomacy 615 4$aWasserdiplomatie 615 4$adigital governance 615 4$adigital sovereignty 702 $aUlbert$b Cornelia$cDr.$4edt 702 $aKaplan$b Marcus$4edt 801 0$bVerlag Barbara Budrich 801 1$bVerlag Barbara Budrich 906 $aBOOK 912 $a9911067897503321 996 $aGlobale Trends: Perspektiven für Entwicklung und Frieden$94550687 997 $aUNINA